| 000 | 00450nam a2200193Ia 4500 | ||
|---|---|---|---|
| 005 | 20250425160948.0 | ||
| 008 | 250425s9999 xx 000 0 und d | ||
| 020 | _a0070616183 | ||
| 041 | _aeng | ||
| 082 | _a621.402 | ||
| 100 | _aSTOECKER, WILBERT F. | ||
| 245 | 0 | _aDESIGN OF THERMAL SYSTEMS | |
| 250 | _a2ND ED. | ||
| 260 |
_aEstados Unidos _bMCGRAW - HILL _c1980 |
||
| 260 | _aNEW YORK | ||
| 300 | _a310 | ||
| 942 | _c01 | ||
| 010 | _a9348 | ||
| 999 |
_c199707 _d199707 |
||